000 00276nam a2200133Ia 4500
100 _aFreund/ John E.
942 _cRB
654 _aBusiness
245 _aModern Business Statistics
260 _bP.H.
_aNew Jersey
_c1958
300 _a539
546 _aENGLISH
999 _c34583
_d34583